[Event "AUT-chT2M 2324"]
[Site "Austria"]
[Date "2023.12.02"]
[Round "4.6"]
[White "Wiesinger, Robert"]
[Black "Teuschler, Hugo"]
[Result "1-0"]
[WhiteElo "2166"]
[BlackElo "1977"]
[PlyCount "95"]
[EventDate "2023.11.03"]
[EventType "team-tourn"]
[EventRounds "11"]
[EventCountry "AUT"]
[SourceTitle "CB16_2024"]
[SourceDate "2024.04.17"]
[SourceVersion "1"]
[SourceVersionDate "2024.04.17"]
[SourceQuality "1"]
[WhiteTeam "Steyregg"]
[BlackTeam "Frauental"]
[WhiteTeamCountry "AUT"]
[BlackTeamCountry "AUT"]

1. e4 c5 2. Nf3 d6 3. d4 cxd4 4. Nxd4 Nf6 5. Nc3 a6 6. f3 e5 7. Nb3 Be6 8. Be3 h5 9. Nd5 Bxd5 10. exd5 Nbd7 11. Qd2 g6 12. Na5 Qc7 13. c4 b6 14. Nc6 Nb8 15. Nb4 a5 16. Nc2 Bg7 17. Bd3 Nbd7 18. Na3 Nc5 19. Bc2 0-0 20. 0-0 Qd7 21. Nb5 Ne8 22. a3 a4 23. Qd1 f5 24. Bxc5 bxc5 25. Bxa4 Nc7 26. Nc3 Qe7 27. Bc2 Qh4 28. Qd3 Rfb8 29. Rab1 Ra7 30. Kh1 Rab7 31. b3 Ra8 32. Na4 Rab8 33. Rfe1 Ne8 34. g3 Qf6 35. Qd2 Kh7 36. b4 Bf8 37. Qc3 Bg7 38. bxc5 Rxb1 39. Rxb1 Rxb1+ 40. Bxb1 dxc5 41. Nxc5 Qb6 42. Qb4 Qa7 43. a4 Kh8 44. Qb5 Nd6 45. Qc6 Nxc4 46. Qxg6 Qxc5 47. Bxf5 Qd6 48. Qh7# 1-0

[Event "AUT-chT2M 2122"]
[Site "Austria"]
[Date "2022.03.27"]
[Round "9.4"]
[White "Wiesinger, Robert"]
[Black "Eibinger, Manuel"]
[Result "1/2-1/2"]
[WhiteElo "2218"]
[BlackElo "2012"]
[PlyCount "133"]
[EventDate "2021.10.01"]
[EventType "team-tourn"]
[EventRounds "11"]
[EventCountry "AUT"]
[SourceTitle "EXT 2023"]
[Source "ChessBase"]
[SourceDate "2022.10.05"]
[SourceVersion "1"]
[SourceVersionDate "2022.10.05"]
[SourceQuality "1"]
[WhiteTeam "Steyregg"]
[BlackTeam "Fuerstenfeld/Hartberg"]
[WhiteTeamCountry "AUT"]
[BlackTeamCountry "AUT"]

1. e4 c5 2. Nf3 e6 3. d4 cxd4 4. Nxd4 Nc6 5. Nc3 Qc7 6. Be3 a6 7. Qd2 Nf6 8. 0-0-0 Be7 9. f3 b5 10. Nxc6 dxc6 11. Qf2 0-0 12. g4 c5 13. Kb1 Bb7 14. g5 Nh5 15. Bh3 Rad8 16. Bg4 Nf4 17. h4 e5 18. Ne2 Nxe2 19. Qxe2 Rxd1+ 20. Rxd1 Rd8 21. Kc1 Rxd1+ 22. Qxd1 Qd6 23. c4 Qxd1+ 24. Kxd1 b4 25. a3 bxa3 26. bxa3 Bd6 27. Bd2 Bc7 28. Ke2 Kf8 29. Bf5 g6 30. Bg4 Ke7 31. Be3 Bd6 32. Bf2 Kd8 33. Bg3 Ke7 34. Ke3 f6 35. Be1 Bc7 36. Bc3 fxg5 37. hxg5 Kd6 38. Kf2 Bd8 39. Bd2 Be7 40. Kg3 Bd8 41. Bh3 Be7 42. Bg2 Ke6 43. f4 exf4+ 44. Bxf4 Bd8 45. Bh3+ Ke7 46. Kf3 Ba5 47. Ke3 Bc3 48. Kd3 Bb2 49. a4 Bc6 50. a5 Bb7 51. Bg4 Ba3 52. Be5 Bb4 53. Bf6+ Ke8 54. e5 Bxa5 55. Be6 Bd8 56. Bd5 Bc8 57. e6 Be7 58. Ke4 a5 59. Ke5 a4 60. Bc6+ Kf8 61. Bxa4 Bb7 62. Bc2 Bc8 63. Be4 Ba6 64. Bd5 Bc8 65. Bc6 Ba6 66. Bd5 Bc8 67. Bc6 1/2-1/2

[Event "Ortisei Server24 op 4th"]
[Site "Ortisei"]
[Date "2018.06.19"]
[Round "4"]
[White "Hoffmann, Sebastian1111"]
[Black "Wiesinger, Robert"]
[Result "1/2-1/2"]
[WhiteElo "2105"]
[BlackElo "2199"]
[PlyCount "45"]
[EventDate "2018.06.16"]
[EventType "tourn"]
[EventRounds "9"]
[EventCountry "ITA"]
[SourceTitle "CBM 185 Extra"]
[Source "ChessBase"]
[SourceDate "2018.07.29"]
[SourceVersion "1"]
[SourceVersionDate "2018.07.29"]
[SourceQuality "1"]

1. e4 e5 2. Nf3 Nc6 3. Nc3 Nf6 4. d4 exd4 5. Nxd4 Bb4 6. Nxc6 bxc6 7. Bd3 d5 8. exd5 cxd5 9. 0-0 0-0 10. h3 c6 11. Qf3 Re8 12. Bf4 Bd6 13. Ne2 Bxf4 14. Nxf4 Qb6 15. Rab1 Ba6 16. Rfd1 Ne4 17. c4 Bxc4 18. Bxc4 dxc4 19. Rd7 Nf6 20. Rd6 Ne4 21. Rd7 Nf6 22. Rd6 Ne4 23. Rd7 1/2-1/2

[Event "AUT-chT2M 1718"]
[Site "Austria"]
[Date "2017.11.26"]
[Round "6.5"]
[White "Hiermann, Dietmar"]
[Black "Wiesinger, Robert"]
[Result "0-1"]
[WhiteElo "2253"]
[BlackElo "2206"]
[PlyCount "96"]
[EventDate "2017.10.27"]
[EventType "team-tourn"]
[EventRounds "11"]
[EventCountry "AUT"]
[SourceTitle "CBM 181 Extra"]
[Source "ChessBase"]
[SourceDate "2017.12.12"]
[SourceVersion "1"]
[SourceVersionDate "2017.12.12"]
[SourceQuality "1"]
[WhiteTeam "Sauwald"]
[BlackTeam "Steyregg"]
[WhiteTeamCountry "AUT"]
[BlackTeamCountry "AUT"]

1. e4 e5 2. Nf3 Nc6 3. Bc4 Bc5 4. c3 Nf6 5. d3 a6 6. Bb3 d6 7. Nbd2 0-0 8. h3 Be6 9. Nf1 h6 10. Ng3 d5 11. Qe2 dxe4 12. dxe4 Bxb3 13. axb3 Qd7 14. b4 Ba7 15. Bd2 Rfd8 16. b5 axb5 17. Qxb5 Be3 18. Rd1 Bf4 19. 0-0 Bxg3 20. fxg3 Nxe4 21. Rfe1 Nd6 22. Qb3 e4 23. Nh2 Ne5 24. Bf4 Nd3 25. Re2 Nxf4 26. gxf4 Qa4 27. Qxa4 Rxa4 28. Nf1 Rda8 29. g4 Ra1 30. Rd5 Rb1 31. Kf2 Ra2 32. b4 Rxe2+ 33. Kxe2 Rc1 34. Rc5 c6 35. h4 g6 36. h5 gxh5 37. Rxh5 Rxc3 38. Rxh6 Nc4 39. g5 Rb3 40. Nh2 Rb2+ 41. Ke1 Ne3 42. Rh3 Ng2+ 43. Kd1 Nxf4 44. Rh4 Ng6 45. Rh5 e3 46. Nf3 Rb1+ 47. Kc2 Rf1 48. Nd4 e2 0-1

[Event "Schwarzach op 31st"]
[Site "Schwarzach"]
[Date "2016.08.25"]
[Round "7"]
[White "Neckar, Lubomir"]
[Black "Wiesinger, Robert"]
[Result "1-0"]
[WhiteElo "2318"]
[BlackElo "2179"]
[PlyCount "79"]
[EventDate "2016.08.20"]
[EventType "swiss"]
[EventRounds "9"]
[EventCountry "AUT"]
[SourceTitle "CBM 174 Extra"]
[Source "ChessBase"]
[SourceDate "2016.10.10"]
[SourceVersion "1"]
[SourceVersionDate "2016.10.10"]
[SourceQuality "1"]

1. Nf3 d5 2. g3 b5 3. b3 e6 4. Bb2 Nf6 5. Bg2 Be7 6. 0-0 Bb7 7. c4 a6 8. cxd5 Bxd5 9. Nc3 Bb7 10. d4 Nbd7 11. Rc1 c5 12. e4 b4 13. Na4 Bxe4 14. dxc5 Rc8 15. Qd4 Qa5 16. Ne5 Bxg2 17. Kxg2 Nxc5 18. Nc4 Qd8 19. Ncb6 Rc6 20. Rfd1 Rd6 21. Rxc5 Rxd4 22. Rxd4 Qxd4 23. Bxd4 Bxc5 24. Bxc5 Nd7 25. Bxb4 Nxb6 26. Nxb6 Kd8 27. Bd6 g5 28. a4 h5 29. b4 f6 30. b5 axb5 31. axb5 Rh7 32. Nc4 Kc8 33. b6 Kb7 34. Bc7 Kc8 35. g4 hxg4 36. Na5 Rd7 37. Nc4 Rh7 38. Nd6+ Kd7 39. Ne4 Rf7 40. Nc5+ 1-0